Southville International School and Colleges
Your cart is empty.
  • Cart
  • Lists
    Public lists Eva Luna New books Lux_list list_1
    Your lists Log in to create your own lists
  • Log in to your account
  • Your cookies
  • Search history
Southville International School and Colleges
  • Advanced search
  • Recent comments
  • Most popular
  • Libraries

Log in to your account

Log in with GOOGLE


If you do not have an external account, but do have a local account, you can still log in:

  1. Home
  2. MARC view: Little chestnut tree story (The) /
Normal view MARC view ISBD view

Little chestnut tree story (The) / (Record no. 103269)

[ view plain ]
MARC details
000 -LEADER
fixed length control field 00465nam a2200169 a 4500
005 - DATE AND TIME OF LATEST TRANSACTION
control field 20140412111258.0
008 - FIXED-LENGTH DATA ELEMENTS--GENERAL INFORMATION
fixed length control field 001120s19uu xx 00 eng d
020 ## - INTERNATIONAL STANDARD BOOK NUMBER
International Standard Book Number 0-590-04430-3
050 ## - LIBRARY OF CONGRESS CALL NUMBER
Classification number TR(PS E
Item number Li72 1973
100 ## - MAIN ENTRY--PERSONAL NAME
Personal name Weil, Lisl
245 ## - TITLE STATEMENT
Title Little chestnut tree story (The) /
Statement of responsibility, etc Lise Weil.
260 ## - PUBLICATION, DISTRIBUTION, ETC. (IMPRINT)
Place of publication, distribution, etc New York :
Name of publisher, distributor, etc Scholastic Inc,
Date of publication, distribution, etc 1973.
300 ## - PHYSICAL DESCRIPTION
Extent 1 v. (unp.) ; ill.
650 ## - SUBJECT ADDED ENTRY--TOPICAL TERM
Topical term or geographic name as entry element Trees (Chestnut)
650 ## - SUBJECT ADDED ENTRY--TOPICAL TERM
Topical term or geographic name as entry element Short stories
Holdings
Withdrawn status Lost status Damaged status Use restrictions Home library Current library Shelving location Date acquired Source of acquisition Total Checkouts Full call number Barcode Date last seen Price effective from Koha item type
        Elizalde Library Elizalde Library Teachers Reference Section 11/20/2000     TR(PS E Li72 1973 E4227 04/12/2014 04/12/2014 Books

Little chestnut tree story (The) /

APA

Weil L., . (1973). Little chestnut tree story (The). New York: Scholastic Inc.

Chicago

Weil Lisl, . 1973. Little chestnut tree story (The). New York: Scholastic Inc.

Harvard

Weil L., . (1973). Little chestnut tree story (The). New York: Scholastic Inc.

MLA

Weil Lisl, . Little chestnut tree story (The). New York: Scholastic Inc. 1973.

  • Place hold
  • Print
  • Cite
  • Add to your cart (remove)
  • Save record
    BIBTEX Dublin Core MARCXML MARC (non-Unicode/MARC-8) MARC (Unicode/UTF-8) MARC (Unicode/UTF-8, Standard) MODS (XML) RIS
  • More searches
    Search for this title in:
    Other Libraries (WorldCat) Other Databases (Google Scholar) Online Stores (Bookfinder.com) Open Library (openlibrary.org)

Exporting to Dublin Core...

SOUTHVILLE LIBRARY

Southville International School and Colleges Library

1281 Tropical Ave. Cor. Luxembourg St., BF Homes International, Las Pinas City

Tel. No. 8256374 / 252358 Loc. 117/146

Powered by Koha